Giáo trình nguyên lý bảo hiểm

Giáo trình dùng cho sinh viên đại học chuyên ngành Tài chính - Ngân hàng, Kế toán - Kiểm toán. Nội dung hệ thống hoá những vấn đề cơ bản của chương trình môn học Nguyên lý bảo hiểm bậc đại học; cập nhật những kiến thức mới liên quan luật...

Szczegółowa specyfikacja

Zapisane w:
Opis bibliograficzny
1. autor: Phan, Thị Cúc
Format: Książka
Język:Undetermined
Wydane: Hà Nội Thống kê 2008
Hasła przedmiotowe:
Etykiety: Dodaj etykietę
Nie ma etykietki, Dołącz pierwszą etykiete!
Thư viện lưu trữ: Trung tâm Học liệu Trường Đại học Cần Thơ
LEADER 01174nam a2200217Ia 4500
001 CTU_135191
008 210402s9999 xx 000 0 und d
020 |c 65000 
082 |a 368 
082 |b C506 
100 |a Phan, Thị Cúc 
245 0 |a Giáo trình nguyên lý bảo hiểm 
245 0 |c Phan Thị Cúc chủ biên 
260 |a Hà Nội 
260 |b Thống kê 
260 |c 2008 
520 |a Giáo trình dùng cho sinh viên đại học chuyên ngành Tài chính - Ngân hàng, Kế toán - Kiểm toán. Nội dung hệ thống hoá những vấn đề cơ bản của chương trình môn học Nguyên lý bảo hiểm bậc đại học; cập nhật những kiến thức mới liên quan luật kinh doanh bảo hiểm năm 2000 và luật bảo hiểm xã hội năm 2006 của Việt Nam và các văn bản Nhà nước hiện hành. 
650 |a Trung tâm Học liệu ĐH Cần Thơ,Insurance, Business 
650 |x Kinh doanh bảo hiểm 
904 |i Trọng Hiếu 
980 |a Trung tâm Học liệu Trường Đại học Cần Thơ